Ιχθυολογία : ποικιλότητα & προσαρμογές των ιχθύων

Saved in:
Bibliographic Details
Other Authors: Helfman, Gene S., Λεονάρδος, Ιωάννης Δ. (Editor)
Format: Book
Language:Greek
Published: Λευκωσία : Broken Hill, 2021.
Subjects:
Tags: Add Tag
No Tags, Be the first to tag this record!

MARC

LEADER 00000cam a2200000 a 4500
001 1/123212
008 210617s2021####cy a|||||| |||| ||gre||
020 |a 9789925575336 
040 |a GR-MyUa  |b gre  |c GR-MyUa  |e AACR2 
041 1 |a gre 
082 7 |a 597  |2 (23) 
245 0 0 |a Ιχθυολογία :   |b ποικιλότητα & προσαρμογές των ιχθύων /   |c Gene S. Helfman ... [κ.ά.] ; συντονισμός έκδοσης Ιωάννης Δ. Λεονάρδος ; γενική επιμέλεια Ιωάννης Δ. Λεονάρδος, Μιχαήλ Α. Παυλίδης, Αθανάσιος Χ. Τσίκληρας ; επιμέρους επιμέλεια-μετάφραση Ευθυμία Χ. αντωνοπούλου ...[κ.ά.].  
260 |a Λευκωσία :   |b Broken Hill,   |c 2021.  
300 |a 878 σ. ;   |c 29 εκ.  
500 |a Τίτλος πρωτοτύπου: The diversity of fishes, biology, evolution and ecology examination, 2nd edition. 
650 0 |a Ichthyology. 
650 0 |a Fishes  |x Physiology. 
650 0 |a Freshwater fishes. 
700 1 |a Helfman, Gene S. 
700 1 |a Λεονάρδος, Ιωάννης Δ.  |e edt 
852 |a INST  |b LESVOS  |c EUDOXUS  |e 20210617  |h 597 ΙΧΘ  |p 005100063166  |q 005100063166  |t EDX  |y 0 
920 |a Εύδοξος  |b Παραγγελία  |y Λέσβος-ΤΩΘΒ  |z 2021-05 
970 |a Δημάκη  |b Μαρία  |z 17-06-2021